Cost Assessment of Environmental Damages

Pohľad na náklady na obnovu ekologických systémov. Možnosti výpočtu nákladov na obnovu a ekonomický odhad strát spôsobených znečistením vody v Číne.

Gespeichert in:
Bibliographische Detailangaben
1. Verfasser: Uram, Marek
Weitere Verfasser: Štetka, Peter, 1986-, Grisáková, Nora, 1978-
Format: Buchkapitel
Sprache:Englisch
Schlagworte:
Tags: Tag hinzufügen
Keine Tags, Fügen Sie das erste Tag hinzu!

MARC

LEADER 00000naa$a2200000$$$4500
001 0271137
005 20240502083821.1
041 0 |a eng 
044 |a CZ 
245 1 0 |a Cost Assessment of Environmental Damages  |c Marek Uram, Peter Štetka, Nora Grisáková 
520 |a Pohľad na náklady na obnovu ekologických systémov. Možnosti výpočtu nákladov na obnovu a ekonomický odhad strát spôsobených znečistením vody v Číne. 
610 2 0 |a prostredie životné 
610 2 0 |a škody 
610 2 0 |a náklady ekologické 
610 2 0 |a obnova zdrojov prírodných 
100 1 |a Uram, Marek 
700 1 |a Štetka, Peter, 1986- 
700 1 |a Grisáková, Nora, 1978-